000 00918nam a2200253Ia 4500
003 OSt
005 20220923223504.0
006 a|||||r|||| 00| 0
007 ta
008 220922b |||||||| |||| 00| 0 hin d
024 _a217,703
037 _cTextual
040 _aARTS
_cARTS
_bhin
041 _2hin
_ahin
082 _aO152,1:gN, M0
100 _aत्रिपाठी, जगदीश नारायण
245 0 _aआधुनिक हिन्दी कविता की प्रमुख प्रवृतियाँ
246 _aĀdhunik hindī kavitā kī pramukh pravṛutiyāँ
260 _aकानपुर
_b प्रत्यूष
_c1980
300 _a116i`
_ccm.
650 _aहिन्दी साहित्य
_9156264
942 _hO152,1:gN, M0
_cTEXL
_2CC
999 _c365678
_d365678